000
00276 a2200109 4500
001
123194
020
_a
9788578274542
040
_c
Escola Canadense de Niteroi
090
_a
F3
245
1
0
_a
Uma Floresta de Histórias - contos de árvores Mágicas do Mundo todo.
942
_c
BK
999
_c
123194
_d
123194